| 000 | 00627nam a2200181 a 4500 | ||
|---|---|---|---|
| 005 | 20210223120424.0 | ||
| 008 | 991125s1970 mx 000 0 spa u | ||
| 035 | _aUPN01000000804 | ||
| 049 | _aCG | ||
| 050 | 4 |
_aLB2342 _bA4.38 |
|
| 110 | 2 | _aAmerican Council on Education | |
| 245 | 1 | 0 |
_aAdministración de colegios y universidades / _cAmerican Council on Education ; tr. Mario Bracamonte. |
| 260 |
_aMéxico : _bCentro Regional de Ayuda Técnica, AID : _bDiana, _c1970. |
||
| 300 | _a327 p. | ||
| 650 | 4 |
_aUNIVERSIDADES Y COLEGIOS - _xCONTABILIDAD |
|
| 650 | 4 |
_aUNIVERSIDADES Y COLEGIOS - _xADMINISTRACION _914357 |
|
| 905 | _aLibro | ||
| 999 |
_c804 _d804 |
||